Регионална библиотека "Любен Каравелов" - Русе

Селското стопанство на Обретеник (1878 - 2015) (Запис номер 166833)

MARC детайли
000 -Лидер
Контролно поле с фиксирана дължина 02117nam a2200505 c 4500
003 - Код на организацията, давaща контролен номер
Контролно поле BLK
005 - Дата и час на последна редакция
Контролно поле 20220210132649.0
008 - Елементи от данни с фиксирана дължина
fixed length control field 180411b bul|||||r ||||||| ||bul||
010 ## - Наследен системен номер
LC control number KNG00174593000
020 ## - Международен стандартен номер на книга ISBN
Международен стандартен номер на книга ISBN 978-954-8633-55-0
040 ## - Източник на каталожния запис
Идентификатор на билиотеката - собственик на записа BLK
041 ## - Код за език
Код за езика на текст/звукозапис или на отделно заглавие Български
Код за езика КДБФ Български
072 #7 - Код за тематичната категория
Код организация bullib
Код за тематична категория Н63
Текст Селско стопанство Н
072 #7 - Код за тематичната категория
Код организация bullib
Код за тематична категория К
Текст Краезнание
072 #7 - Код за тематичната категория
Код организация bullib
Код за тематична категория Я
Текст Автографи
072 #7 - Код за тематичната категория
Код организация bullib
Код за тематична категория РА
Текст Русенски автори
080 ## - УДК
Текстов определител УДК Организация и управление на селскостопанското производство. Земеделие. Градинарство
УДК код - определител по УДК 631/635
УДК определител (497.21-22)(091)
УДК - код + определител 631/635(497.21-22)(091)
080 ## - УДК
Текстов определител УДК Селското стопанство като стопански отрасъл. Икономика на селското стопанство
УДК код - определител по УДК 338.43
УДК определител (497.21-22)(091)
УДК - код + определител 338.43(497.21-22)(091)
080 ## - УДК
Текстов определител УДК Краезнание
УДК код - определител по УДК 908
УДК определител (497.21-22)
УДК - код + определител 908(497.21-22)
100 1# - Редна дума - Автор
Автор Билчев, Тодор Билчев
Авторска отговорност първи автор
R(LIN) 365819
139 ## - Редно поле
Редна дума Билчев, Тодор Билчев
Авторски знак Би - Б 44
245 10 - Сведения за заглавието
Заглавие Селското стопанство на Обретеник (1878 - 2015)
Редно поле (дума) Тодор Билчев Билчев.
257 ## - Страна на издаване
Страна на създаване/издаване България
260 ## - Област на издателските данни
Име на издателя, разпространителя и проч. Gaiana Book Art Studio
Година на издаване 2015
300 ## - Физическа характеристика
Страници 300 с.
Илюстрации и др. със сн., факс.
Размери/Мащаб 21 см
380 ## - Жанр
Жанр Селско стопанство
500 ## - Общи забележки
Забележка Съдържа и за авт.
650 #4 - Допълнително описание по предмет – тема
Основно описание – тема или топоним Обретеник
9 (RLIN) 179296
650 #4 - Допълнително описание по предмет – тема
Основно описание – тема или топоним Селско стопанство - България
9 (RLIN) 269258
651 #4 - Допълнително описание по предмет - топоним
Географско понятие Обретеник
9 (RLIN) 179296
651 #4 - Допълнително описание по предмет - топоним
Географско понятие Русенско
9 (RLIN) 179464
651 #4 - Допълнително описание по предмет - топоним
Географско понятие България
9 (RLIN) 241624
653 ## - Ключова дума – ненормативна
Ключова дума Обретеник
653 ## - Ключова дума – ненормативна
Ключова дума селско стопанство
653 ## - Ключова дума – ненормативна
Ключова дума история
653 ## - Ключова дума – ненормативна
Ключова дума села
659 ## - Тематичен бюлетин
Тематичен бюлетин К
659 ## - Тематичен бюлетин
Тематичен бюлетин Н
659 ## - Тематичен бюлетин
Тематичен бюлетин Я
852 ## - Местоположение
Форматна сигнатура Цб 273978
852 ## - Местоположение
Форматна сигнатура К 63/Б 44 Т
856 4# - Електронен адрес и достъп
Електронен формат pdf - файл
856 4# - Електронен адрес и достъп
Електронен формат pdf - файл
999 ## - СИСТЕМНИ КОНТРОЛНИ НОМЕРА
Koha biblionumber 166833
Koha biblioitemnumber 166833
942 ## - АРТИКУЛИ
Вид на библиотечния материал Книги
Скрит в OPAC Не
Периодичен библиозапис Да
944 ## - СЪЗДАВАНЕ И РЕДАКЦИЯ на ЗАПИСА
Създаване/Редакция Създаване
Дата на регистрацията/редакция 24.04.2015
Статус, дата на статуса ф /
Служител, извършил регистрацията/редакцията Виолета_Тройчева
944 ## - СЪЗДАВАНЕ И РЕДАКЦИЯ на ЗАПИСА
Създаване/Редакция Редакция
Дата на регистрацията/редакция 13.05.2015
Статус, дата на статуса ф /
Служител, извършил регистрацията/редакцията Людмила_Стоянова
999 ## - СИСТЕМНИ КОНТРОЛНИ НОМЕРА
Koha biblioitemnumber 166833
Наличности
Код за отписване Код за изгубен артикул Източник на класификационната схема Код за повреда Коз за рестрикции Код за отдаване Артикулен № Име на библиотеката - собственик Име на библиотеката, в която се намира в момента Статус (Текущо местоположение) Дата на вписване в системата Местоположение - отдел Цена в лева Номерация (Хронология) Инвентарен номер Систематично азбучна сигнатура Баркод Номер на екземпляра Цена в евро Служебна бележка Служебен тип на артикула
  Не е изгубен Universal Decimal Classification Не е повреден без рестрикции ползва се в читалня 281052 Регионална библиотека "Любен Каравелов" Русе Регионална библиотека "Любен Каравелов" Русе Краезнание 2015-04-27 Краезнание 18.00 Автограф: Тодор Билчев 120000787495 К 63/Б 44 Т 120000787495 1 9.20 Дост: DA Вид: А N: 7 Дата: 27.04.2015 Дата инв: 10.11.2017 Бележки инв: К2017 Книги
Vip Innovations Ltd, Rousse, Bulgaria 2025